000 00981cam a22002651 4500
001 gs 39000121
003 DLC
005 20260227111344.0
008 720825s1938 xx 000 0 eng
010 _ags 39000121
035 _a(OCoLC)391669
040 _aDLC
_cOAU
_dDLC
042 _apremarc
050 0 0 _aQE299.5
_b.A32 no. 2
082 _a553.09595
100 1 _aIngham, Frank Tinley,
_d1895-
245 0 4 _aThe geology of the neighbourhood of Tapah and Telok Anson, Perak, Federated Malay States,
_cwith an account of the mineral deposits.
260 _a[Singapore,
_bPrinters, ltd.,
_c1938]
300 _a72, v p.
_bplates, maps (2 fold., col., in pocket) diagr.
_c27 cm.
490 1 _aMalay States, Federated. Geological Survey Dept. [Memoir no. 2]
500 _aCover title.
650 0 _aGeology
_zFederated Malay States.
650 0 _aMines and mineral resources
_zFederated Malay States.
810 1 _aMalaya.
_bGeological Survey Department.
_tMemoir ;
_vno. 2.
999 _c27534
_d27534